000 00758nam a2200217 a 4500
001 000033508
003 OSt
005 20201116102326.0
008 110830s1936 dr r 000 0 spa d
040 _aDO-SdBNP
_bspa
_cBNPHU
082 4 _a972.9305
_bA524g
_222
110 1 _aRepública Dominicana
_9447
245 1 0 _aAmor y gratitud.
260 _aCiudad Trujillo, República Dominicana :
_bConsejo Administrativo del Distrito de Santo Domingo,
_c1936.
300 _a1 v. (con varias paginaciones) ;
_bil., fots., retrs.;
_c16 cm.
590 _aInventariado, 2019/BT
600 1 4 _aTrujillo Valdés, José,
_d1935.
_977245
650 4 _aCalles
_zRepública Dominicana
_zSanto Domingo
_977246
910 _aValidado. Control de calidad MFF
942 _2ddc
_cLBS1
999 _c32999
_d32999